Restricciones en la conducción de la guerra : introducción al derecho internacional humanitario /

Guardado en:
Autor Principal: Kalshoven, Frits
Otros Autores: Zegveld, Liesbeth
Formato: Libro
Idioma:Spanish
Publicado: Buenos Aires : CICR, 2003.
Edición:1a. ed.
Materias:
Etiquetas: Agregar Etiqueta
Sin Etiquetas, Sea el primero en etiquetar este registro!
LEADER 00575nam a22001695a 4500
001 DER.der015515
008 251117s2003####ag#||||||||||||||#||spa||
005 20251117092029.0
245 1 0 |a Restricciones en la conducción de la guerra :  |b introducción al derecho internacional humanitario /  |c Frits Kalshoven, Liesbeth Zegveld. 
250 |a 1a. ed. 
260 |a Buenos Aires :  |b CICR,  |c 2003. 
300 |a 261 p. 
020 |a 2881451276 
100 1 |a Kalshoven, Frits 
700 1 |a Zegveld, Liesbeth 
650 7 |a DERECHO INTERNACIONAL PUBLICO 
859 |a DERECHO  |b BIB. DERECHO  |h 341  |i KAL  |p 001600